000357451 001__ 357451
000357451 005__ 20250227110745.0
000357451 0247_ $$2doi$$a10.18429/JACOW-IPAC2024-THPC70
000357451 0247_ $$2datacite_doi$$a10.15120/GSI-2025-00408
000357451 037__ $$aGSI-2025-00408
000357451 041__ $$aEnglish
000357451 1001_ $$0P:(DE-Ds200)OR8778$$aSchulte-Urlichs, Kathrin$$b0$$eCorresponding author$$ugsi
000357451 1112_ $$a15th International Particle Accelerator Conference$$cNashville$$d2024-05-19 - 2024-05-24$$gIPAC2024$$wUSA
000357451 245__ $$aGSI electron lens for space charge compensation
000357451 260__ $$bJACoW Publishing$$c2024
000357451 300__ $$a3186-3189 p.
000357451 3367_ $$2ORCID$$aCONFERENCE_PAPER
000357451 3367_ $$033$$2EndNote$$aConference Paper
000357451 3367_ $$2BibTeX$$aINPROCEEDINGS
000357451 3367_ $$2DRIVER$$aconferenceObject
000357451 3367_ $$2DataCite$$aOutput Types/Conference Paper
000357451 3367_ $$0PUB:(DE-HGF)8$$2PUB:(DE-HGF)$$aContribution to a conference proceedings$$bcontrib$$mcontrib$$s1739175601_413949
000357451 500__ $$aPublished by JACoW Publishing under the terms of the Creative Commons Attribution 4.0 license.
000357451 520__ $$aThe electron lens for space charge compensation is an R&D project to increase the primary beam intensity and thus the accelerator efficiency of SIS18 and eventually SIS100 for FAIR operation. As a first step, the principle of space charge compensation will be demonstrated in SIS18 with a single lens, aiming at a tune shift of 0.1 for several ion species. However, the design should also be compatible with the SIS100. Following the conceptual design studies, a technical design of the electron lens has been prepared and the main components of the electron lens are currently under development. This contribution gives an overview of the development of the electron lens, with particular emphasis on the main lens components and the studies carried out on the dynamics of the ion beam.
000357451 536__ $$0G:(DE-HGF)POF4-621$$a621 - Accelerator Research and Development (POF4-621)$$cPOF4-621$$fPOF IV$$x0
000357451 536__ $$0G:(DE-HGF)POF4-6G12$$a6G12 - FAIR (GSI) (POF4-6G12)$$cPOF4-6G12$$fPOF IV$$x1
000357451 588__ $$aDataset connected to DataCite
000357451 650_7 $$2Other$$aAccelerator Physics
000357451 650_7 $$2Other$$amc5-beam-dynamics-and-em-fields - MC5: Beam Dynamics and EM Fields
000357451 650_7 $$2Other$$aMC5.D07 - MC5.D07 High Intensity Circular Machines Space Charge, Halos
000357451 693__ $$0EXP:(DE-Ds200)Experiment_without_proposal_number-20200803$$1EXP:(DE-Ds200)Facility_outside_beam_time_program-20200803$$5EXP:(DE-Ds200)Experiment_without_proposal_number-20200803$$aFacility_outside_beam_time_program$$eExperiment at GSI without experiment proposal number ( - ; Facility_outside_beam_time_program )$$x0
000357451 7001_ $$0P:(DE-Ds200)OR0900$$aOndreka, David$$b1
000357451 7001_ $$0P:(DE-HGF)0$$aThoma, Katrin$$b2
000357451 7001_ $$0P:(DE-Ds200)OR0580$$aKirk, Markus$$b3
000357451 7001_ $$0P:(DE-Ds200)OR1222$$aSpiller, Peter$$b4
000357451 7001_ $$aPilat, Fulvia$$b5$$eEditor
000357451 7001_ $$aFischer, Wolfram$$b6$$eEditor
000357451 7001_ $$aSaethre, Robert$$b7$$eEditor
000357451 7001_ $$aAnisimov, Petr$$b8$$eEditor
000357451 7001_ $$aAndrian, Ivan$$b9$$eEditor
000357451 773__ $$a10.18429/JACOW-IPAC2024-THPC70
000357451 8564_ $$uhttps://repository.gsi.de/record/357451/files/THPC70.pdf$$yOpenAccess
000357451 8564_ $$uhttps://repository.gsi.de/record/357451/files/THPC70.pdf?subformat=pdfa$$xpdfa$$yOpenAccess
000357451 909CO $$ooai:repository.gsi.de:357451$$pdnbdelivery$$pdriver$$pVDB$$popen_access$$popenaire
000357451 9101_ $$0I:(DE-Ds200)20121206GSI$$6P:(DE-Ds200)OR8778$$aGSI Helmholtzzentrum für Schwerionenforschung GmbH$$b0$$kGSI
000357451 9101_ $$0I:(DE-Ds200)20121206GSI$$6P:(DE-Ds200)OR0900$$aGSI Helmholtzzentrum für Schwerionenforschung GmbH$$b1$$kGSI
000357451 9101_ $$0I:(DE-Ds200)20121206GSI$$6P:(DE-Ds200)OR0580$$aGSI Helmholtzzentrum für Schwerionenforschung GmbH$$b3$$kGSI
000357451 9101_ $$0I:(DE-Ds200)20121206GSI$$6P:(DE-Ds200)OR1222$$aGSI Helmholtzzentrum für Schwerionenforschung GmbH$$b4$$kGSI
000357451 9131_ $$0G:(DE-HGF)POF4-621$$1G:(DE-HGF)POF4-620$$2G:(DE-HGF)POF4-600$$3G:(DE-HGF)POF4$$4G:(DE-HGF)POF$$aDE-HGF$$bForschungsbereich Materie$$lMaterie und Technologie$$vAccelerator Research and Development$$x0
000357451 9131_ $$0G:(DE-HGF)POF4-6G12$$1G:(DE-HGF)POF4-6G0$$2G:(DE-HGF)POF4-600$$3G:(DE-HGF)POF4$$4G:(DE-HGF)POF$$aDE-HGF$$bForschungsbereich Materie$$lGroßgeräte: Materie$$vFAIR (GSI)$$x1
000357451 9141_ $$y2024
000357451 915__ $$0StatID:(DE-HGF)0510$$2StatID$$aOpenAccess
000357451 915__ $$0LIC:(DE-HGF)CCBY4$$2HGFVOC$$aCreative Commons Attribution CC BY 4.0
000357451 920__ $$lyes
000357451 9201_ $$0I:(DE-Ds200)SYS-20121002OR231$$kSYS$$lSystem Design SIS 100 / SIS 18$$x0
000357451 980__ $$acontrib
000357451 980__ $$aVDB
000357451 980__ $$aUNRESTRICTED
000357451 980__ $$aI:(DE-Ds200)SYS-20121002OR231
000357451 9801_ $$aFullTexts